000
00249nam a2200097Ia 4500
008
120527s9999 xx 000 0 und d
100
_a
PARSLOE,C.et al.
245
_a
Project management handbook for building services.
260
_b
CIBSE
942
_c
BK
999
_c
24087
_d
24087